000 00930nam a2200217Ii 4500
003 JO-AjNU
008 230605s9999||||xx |||||||||||||| ||und||
017 _a2006/4/837
040 _aJO-AjNU
_bara
_erda
_cJO-AjNU
041 _aara
050 1 4 _aRC467.2 .A926 2006
100 3 _aعواد، محمود,
_eauthor
_931070
245 0 0 _aمعجم الطب النفسي والعقلي : أول معجم شامل بكل مصطلحات الطب النفسي والعقلي المتداولة في العالم وتعريفاتها 
250 _aط1
264 3 1 _aعمان،الأردن: دار أسامة، دار المشرق، 2006
300 _a504ص
_bيشتمل على المصادرص(463-464)
336 _atext
_btxt
_2rdacontent
337 _aunmediated
_bn
_2rdamedia
338 _avolume
_bnc
_2rdacarrier
650 4 _aالطب النفسي -- معاجم -- الاضطرابات الذهانية -- معاجم
_931071
999 _aA12387
_c15955
_d15955